A time for peace : pacifism, internationalism, and protest forces in the reduction of war /

Bibliographic Details
Main Author: Calvocoressi, Peter
Format: Book
Language:English
Published: London : Hutchinson, 1987.
Subjects:

MARC

Tag First Indicator Second Indicator Subfields
LEADER 00000cam a2200000 a 4500
001 in00000009360
005 20151007051529.0
008 870504s1987 enk 00110 eng
010 |a  87138176  
020 |a 0091675502 :  |c £12.95 
035 |a (OCoLC)17443244 
035 |9 AAA3444AM 
040 |a DLC  |c DLC  |d TXA  |d UtOrBLW 
049 |a TXAM  |c [A12628463] 
050 0 0 |a JX1952  |b .C315 1987 
082 0 |a 327.1/72/09  |2 19 
100 1 |a Calvocoressi, Peter. 
245 1 2 |a A time for peace :  |b pacifism, internationalism, and protest forces in the reduction of war /  |c Peter Calvocoressi. 
264 1 |a London :  |b Hutchinson,  |c 1987. 
300 |a 195 pages ;  |c 23 cm. 
336 |a text  |b txt  |2 rdacontent 
337 |a unmediated  |b n  |2 rdamedia 
338 |a volume  |b nc  |2 rdacarrier 
500 |a Includes index. 
650 0 |a Peace  |x History. 
650 0 |a International organization  |x History. 
650 0 |a War  |x History. 
999 |a MARS 
999 f f |s 12d865af-7e22-34be-9da1-014f8f24d47c  |i ae7fb312-e9f3-360a-b3ec-04cab9a0a593  |t 0 
952 f f |p ric  |a Texas A&M University  |b Rellis Campus  |c Joint Library Facility  |d Remote Storage  |t 0  |e JX1952 .C315 1987  |h Library of Congress classification  |i unmediated -- volume  |m A14812628463 
998 f f |a JX1952 .C315 1987  |t 0  |l Remote Storage